01242nam a22001937a 4500003001000000005001700010008004100027020001700068040001400085100002500099245006400124260003000188300001200218500004900230520068600279650001000965654001100975700006200986IT-MiCISF20250917110923.0250917b |||||||| |||| 00| 0 eng d a978883155742 cIT-MiCISF aWells Jo B. (et al.) aDonne e ministeri nella Chiesa sinodale.bUn dialogo aperto aMilano, bPaoline, c2024 app. 100 adonna, chiesa, cambiamento, teologia, storia aIl volume è il frutto del secondo dei quattro incontri che il Consiglio di cardinali, per volere di papa Francesco, dedica tra la fine del 2023 e la primavera 2024 al ruolo delle donne nella Chiesa. Nella seduta del 5 febbraio 2024, a riflettere su donne, ministero ordinato e altri ministeri nella Chiesa sono intervenute tre teologhe: Linda Pocher FMA, la vescova anglicana Jo B. Wells e Giuliva Di Berardino. Ai loro contributi, che illustrano lo stato della questione e delineano alcune possibili prospettive future, si affiancano le considerazioni di due dei cardinali presenti all’incontro: Seán Patrick O’Malley e Jean-Claude Hollerich. Prefazione di papa Francesco. aDonna asaggio aDi Berardino G., Hollerich J.C., O'Malley S.P., Pocher L.